|
|
|
|
| LEADER |
00000nab a2200000ua 4500 |
| 001 |
vtls010828139 |
| 003 |
SK-MaSNL |
| 005 |
20260303144821.0 |
| 008 |
230222s1962 xo |||||||||||||||||ger| |
| 035 |
|
|
|a (urnnbn)urn:nbn:sk:snk:ar-a06eal
|
| 035 |
|
|
|a urn:nbn:sk:snk-ab5tst
|
| 035 |
|
|
|a (uuid)a81ae7c4-6a00-4d78-be9d-ffad0cd91526
|
| 040 |
|
|
|a SNKBUCL
|b slo
|c SNKBUCL
|e AACR2
|
| 041 |
0 |
|
|a ger
|
| 044 |
|
|
|a xo
|c SK
|
| 100 |
1 |
|
|a Šári, A.
|4 aut
|9 731850
|
| 245 |
1 |
0 |
|a Gastroduodenale Invagination verursacht durch ein Leiomyosarkom des Magens
|c A. Šári, K. Adamec
|
| 700 |
1 |
|
|a Adamec, K.
|4 aut
|9 1141974
|
| 773 |
0 |
|
|t Neoplasma : journal of experimental and clinical oncology
|g Roč. 9, č. 6 (1962), s. 579-584
|
| 958 |
|
|
|a OND
|
| 958 |
|
|
|a EUIPO
|
| 958 |
|
|
|a article5
|
| 999 |
|
|
|c 1999233
|d 2001163
|